Digitális tárgyalási csatornák hatása az üzleti kapcsolatok építésére

Bibliográfiai részletek
Szerző: Saller Evelin
További közreműködők: Merliot-Almássy Dr. Eszter
Dokumentumtípus: Diplomadolgozat
Kulcsszavak:digitalizáció
értékesítés
kommunikációs csatornák
tárgyalás
üzleti tárgyalás(ok)
Online Access:http://dolgozattar.uni-bge.hu/59773

MARC

LEADER 00000nta a2200000 i 4500
001 dolg59773
005 20260409145539.0
008 260409suuuu hu om 000 hun d
040 |a BGE Dolgozattár Repozitórium  |b hun 
041 |a hu 
100 1 |a Saller Evelin 
245 1 0 |a Digitális tárgyalási csatornák hatása az üzleti kapcsolatok építésére  |c Saller Evelin  |h [elektronikus dokumentum] 
520 3 |a A szakdolgozatom a digitális technológiák hatását vizsgálja az üzleti tárgyalásokra, különösen az online tárgyalásokra és azok hatékonyságára. Különböző értékesítők véleményét gyűjtöttem össze, hogy megértsem, hogyan formálják a digitális eszközök a tárgyalási folyamatokat, a bizalomépítést és az új üzleti kapcsolatok kialakítását. A dolgozatomban kiemelem a személyes és online kommunikációs csatornák közötti különbségeket, és azok hatását a tárgyalások sikerességére. Az online környezetben a digitális eszközök és platformok eltérő kihívásokat és lehetőségeket kínálnak, amelyek befolyásolják a tárgyalási dinamikát és a kapcsolatépítést. A célom, hogy feltárjam, hogyan alkalmazkodnak az értékesítők a különböző kommunikációs csatornákhoz, és milyen stratégiákat használnak annak érdekében, hogy hatékonyan építsenek bizalmat és alakítsanak ki új üzleti kapcsolatokat az online térben. 
695 |a digitalizáció 
695 |a értékesítés 
695 |a kommunikációs csatornák 
695 |a tárgyalás 
695 |a üzleti tárgyalás(ok) 
700 1 |a Merliot-Almássy Dr. Eszter  |e ths 
856 4 0 |u http://dolgozattar.uni-bge.hu/59773/1/Digit%C3%A1lis%20t%C3%A1rgyal%C3%A1si%20csatorn%C3%A1k%20hat%C3%A1sa%20az%20%C3%BCzleti%20kapcsolatok%20%C3%A9p%C3%ADt%C3%A9s%C3%A9re_Saller%20Evelin.pdf  |z Dokumentum-elérés 
856 4 0 |u http://dolgozattar.uni-bge.hu/59773/2/Nyilv%C3%A1noss%C3%A1%20t%C3%A9teli%20nyilatkozat_Saller%20Evelin.pdf  |z Dokumentum-elérés 
856 4 0 |u http://dolgozattar.uni-bge.hu/59773/3/BA%20KM%20magyar%20b%C3%ADr%C3%A1lati%20lap%20Saller%20Eveli%20m%C3%A1solata.pdf  |z Dokumentum-elérés 
856 4 0 |u http://dolgozattar.uni-bge.hu/59773/4/BA%20KM%20magyar%20b%C3%ADr%C3%A1lati%20lap%20BELS%C5%90_Saller_Evelin.pdf  |z Dokumentum-elérés